Bezpečnosť potravín pri tzv. predaji z dvora
Legislatívne požiadavky predaja vlastných produktov rastlinného a živočíšneho pôvodu konečnému spotrebiteľovi. Predaj z dvora ako špecifická forma distribúcie produktov ku konečnému spotrebiteľovi, pre ktorý boli prijaté opatrenia bezpečnosti produktov i ochrany spotrebiteľov.
Gespeichert in:
| 1. Verfasser: | |
|---|---|
| Format: | Buchkapitel |
| Sprache: | Slowakisch |
| Schlagworte: | |
| Tags: |
Keine Tags, Fügen Sie das erste Tag hinzu!
|
MARC
| LEADER | 00000naa$a2200000$$$4500 | ||
|---|---|---|---|
| 001 | 0146487 | ||
| 005 | 20240530103225.6 | ||
| 041 | 0 | |a slo | |
| 041 | 0 | |a slo | |
| 044 | |a SK | ||
| 245 | 1 | 0 | |a Bezpečnosť potravín pri tzv. predaji z dvora |c Paulína Krnáčová |
| 520 | |a Legislatívne požiadavky predaja vlastných produktov rastlinného a živočíšneho pôvodu konečnému spotrebiteľovi. Predaj z dvora ako špecifická forma distribúcie produktov ku konečnému spotrebiteľovi, pre ktorý boli prijaté opatrenia bezpečnosti produktov i ochrany spotrebiteľov. | ||
| 610 | 2 | 0 | |a potraviny |
| 610 | 2 | 0 | |a výrobky rastlinné |
| 610 | 2 | 0 | |a výrobky živočíšne |
| 610 | 2 | 0 | |a predaj z dvora |
| 610 | 2 | 0 | |a požiadavky na výrobky |
| 610 | 2 | 0 | |a kontrola kvality |
| 610 | 2 | 0 | |a bezpečnosť potravinová |
| 100 | 1 | |a Krnáčová, Paulína, 1983- | |